00273nam a2200109Ia 4500008004100000100002300041245004000064260001900104650001600123942000700139999001700146190216s9999||||xx |||||||||||||| ||und|| aNisar Ahammed Khan 0aVector Spaces Of Finite Dimensions bRamprasad&Sons aMathematics cBK c30677d30677